000 00266nam a22001217a 4500
999 _c159530
_d159530
082 _a
_b
100 _aMusannif I L
245 _aHistories of India/
_cby Musannif I L.
260 _aNew Delhi:
_bDiscovery,
_c1989.
300 _a279p.
650 _a
942 _cBK